01173nas a2200289 4500001001000000003000900010005001700019007000300036008003400039040005400073041000900127072000800136100001800144100001900162245014700181246015800328650001000486650001600496650001400512650000900526773008600535856003100621909004000652942001800692999001900710952015400729BR9201509BR-BrBNA20231205092418.0ta230509b bl.|||p| |||| 00| 00por d aBR-BrBNAbporcBiblioteca Nacional de Agricultura a(Pt) aH101 aMoura, J.I.L.1 aSouza, L.A. de1 aArmadilhas tipo alcapao com iscas de cana-de-acucar mais melado para Opsiphanes invirae (Huebner, 1819, Lepidoptera, Nymphalidae, Brassolinae)1 aAtractivity of traps of kind "Trapdoor" containing sugar-cane plus molasses for Opsiphanes invirae (Huebner, 1819, Lepidoptera, Nymphalidae, Brassolinae) aDENDE aLEPIDOPTERO aARMADILHA aISCA0 tAgrotropica (Brazil)xISSN 0103-3816g(Jan-Apr 1991), v. 3(1) p. 59-61wBR920150940dLink DSPACE/MAPA BR9201509 a202311bLúciac55dLúcia Elande 2AGRISn0cANA c131534d131534 002AGRIS4071a41918b41918cPeriódicos Agrícolash(Jan-Apr 1991), v. 3(1) p. 59-61l0r2023-11-29t01yCRePortaria Interministerial nº 164/94